| 000 | 01087cam a2200313 a 4500 | ||
|---|---|---|---|
| 001 | 25907 | ||
| 003 | BD-RjUL | ||
| 005 | 20211209050938.0 | ||
| 008 | 020219s2001 ii a b 101 0 eng | ||
| 020 | _a8172361149 | ||
| 035 | _a(BD-RjUL)25977 | ||
| 040 |
_aDLC _cDLC _dBD-RjUL _beng |
||
| 041 | _aeng | ||
| 082 |
_a923.1 _bTIP 2002 |
||
| 245 | 0 | 0 |
_aTipu Sultan and his age : _ba collection of seminar papers / _cedited by Aniruddha Ray. |
| 260 |
_aKolkata : _bAsiatic Society, _c2002. |
||
| 300 |
_ax, 204 p. : _bill. ; _c22 cm. |
||
| 504 | _aIncludes bibliographical references and index. | ||
| 520 | _aContributed articles. | ||
| 600 | 1 | 0 |
_aTipu Sultan, Fath ʻAli, _cNawab of Mysore, _d1753-1799 _979610 |
| 651 | 0 |
_aKarnataka (India) _xKings and rulers _vBiography _vCongresses. _979601 |
|
| 651 | 0 |
_aIndia _xHistory _y18th century _vCongresses. _979602 |
|
| 700 | 1 |
_aRay, Aniruddha. _978806 |
|
| 710 | 2 |
_aAsiatic Society (Kolkata, India) _979603 |
|
| 942 |
_2ddc _cBK |
||
| 999 |
_c25907 _d25907 |
||